000 00591nam a2200229Ia 4500
003 OSt
005 20221007071139.0
006 a|||||r|||| 00| 0
007 ta
008 221006b |||||||| |||| 00| 0 eng d
024 _a26,953
037 _cTextual
040 _aFLL
_cFLL
_beng
041 _2eng
_aeng
082 _aZ1y7, K3
100 _aHambro Edvard
245 0 _aCase law of the international law
260 _aLeyden
_bA.W. Sythoff Leyden
_c1963
300 _a480-1147p
_ccm.
942 _hZ1y7, K3
_cTEXL
_2CC
999 _c1142581
_d1142581